|
|
|
|
| LEADER |
00000nam0a2200000 4500 |
| 001 |
292963 |
| 005 |
20231102000541.0 |
| 010 |
|
|
|a 9785972900886
|
| 035 |
|
|
|a (RuTPU)RU\TPU\book\317727
|
| 090 |
|
|
|a 292963
|
| 100 |
|
|
|a 20150428d2015 km y0rusy50 ca
|
| 101 |
0 |
|
|a rus
|
| 102 |
|
|
|a RU
|
| 105 |
|
|
|a a g 001zy
|
| 200 |
1 |
|
|a Защита зданий, сооружений и конструкций от огня и шума : материалы, технологии, инструменты и оборудование
|f Л. П. Зарубина
|
| 210 |
|
|
|a Москва
|a Вологда
|c Инфра-Инженерия
|d 2015
|
| 215 |
|
|
|a 332 с.
|c ил.
|
| 320 |
|
|
|a Библиогр.: с. 320-328.
|
| 330 |
|
|
|a Обобщен и систематизирован многолетний опыт работы ведущих научных, проектных и производственных организаций, занимающихся проблемами борьбы с огнем и шумом.Рассмотрена пассивная и активная огнезащита. Приведены средства и способы огнезащиты, огнезащитные покрытия для металлоконструкций, железобетонных конструкций, воздуховодов, деревянных конструкций, кабельных сетей. Даны системы противопожарной и противодымной защиты, пожарной сигнализации, автоматического пожаротушения.Изложены положения по защите от шума. Рассмотрены вопросы звукоизоляции производственных, жилых и офисных помещений. Приведены современные материалы для звукоизоляции, шумоизоляции и шумопоглощения. Описана практика решений по звукоизоляции стен, перегородок, потолка, пола и других конструкций здания.Книга предназначена для широкого круга инженерно-технических работников, занимающихся проектированием, строительством и эксплуатацией зданий и сооружений. Она может служить также учебно-методическим пособием для студентов высших учебных заведений, аспирантов, слушателей институтов повышения квалификации строительного, машиностроительного и технологического профилей.
|
| 606 |
1 |
|
|a Строительные конструкции
|x Огнестойкость
|2 stltpush
|3 (RuTPU)RU\TPU\subj\57378
|9 75240
|
| 610 |
1 |
|
|a огонь
|
| 610 |
1 |
|
|a пассивная огнезащита
|
| 610 |
1 |
|
|a активная огнезащита
|
| 610 |
1 |
|
|a противопожарные системы
|
| 610 |
1 |
|
|a шум
|
| 610 |
1 |
|
|a защита от шума
|
| 610 |
1 |
|
|a звукоизоляция
|
| 610 |
1 |
|
|a помещения
|
| 610 |
1 |
|
|a шумопоглощение
|
| 610 |
1 |
|
|a шумоизоляция
|
| 610 |
1 |
|
|a материалы
|
| 610 |
1 |
|
|a стены
|
| 610 |
1 |
|
|a перегородки
|
| 610 |
1 |
|
|a потолки
|
| 610 |
1 |
|
|a полы
|
| 675 |
|
|
|a 699.81
|v 4
|
| 700 |
|
1 |
|a Зарубина
|b Л. П.
|g Людмила Петровна
|
| 801 |
|
1 |
|a RU
|b 63413507
|c 20150428
|
| 801 |
|
2 |
|a RU
|b 63413507
|c 20150514
|g RCR
|
| 900 |
|
|
|a Пожаровзрывозащита
|
| 900 |
|
|
|a Спасательная техника и базовые машины
|
| 942 |
|
|
|c BK
|
| 959 |
|
|
|a 61/20150428
|d 1
|e 750,00
|f ЧЗТЛ:1
|